000 06091cam a22018614i 4500
003 PE-LiUPU
005 20250813165823.0
008 150706s2008 sp a r 000 0 spa d
020 _a140513013X
020 _a9781405130134
035 _a(Sirsi) i9781405130134
040 _aPE-LiUPU
_bspa
_cPE-LiUPU
_dPE-LiUPU
_erda
049 _aPRUA
082 0 4 _a610.73072
_bG36
_221
100 1 _aGerrish, Kate,
_eautor.
245 1 0 _aInvestigación en enfermería /
_cKate Gerrish y Anne Lacey.
250 _a5a edición.
264 1 _aMadrid :
_bMac Graw Hill Interamericana,
_c2008.
300 _a550 páginas :
_bilustraciones ;
_c24 centímetros
336 _atext
_2rdacontent
337 _aunmediated
_2rdamedia
338 _avolume
_2rdacarrier
505 0 _aMarco conceptual -- Investigación y desarrollo en enfermería -- El proceso de investigación -- Ética de la investigación -- Fuentes de financiación y apoyo a la investigación -- Participación del usuario en la investigación -- Preparación del terreno -- Formulación de la pregunta adecuada -- Búsqueda de la evidencia -- Evaluación crítica de la evidencia -- Preparación de una propuesta de investigación -- Acceso al sitio de investigación -- Elección del enfoque adecuado -- El espectro continuo cuantitativo-cualitativo -- Muestreo -- Teoría fundamentada -- Etnografía -- Investigación fenomenológica -- Investigación experimental -- Encuestas -- Acción- investigación -- Investigación de la evaluación -- Investigación de estudio de casos -- Revisiones sistemáticas e investigación secundaria -- Recogida de datos -- Entrevista -- Los grupos de trabajo -- Los cuestionarios -- La observación -- Medición fisiológica -- Interpretación de los datos -- Análisis cualitativo -- Análisis descriptivo de datos cuantitativos -- Estudio de las relaciones entre datos cuantitativos -- Aplicaciones de la investigación -- Comunicación y difusión de la investigación -- Práctica basada en la evidencia -- Implementación de la práctica basada en la evidencia -- Futuro de la investigación de enfermería.
526 _aP203
526 _aP200
526 _aSEG65
526 _aSEG64
526 _aSEG63
526 _aSEG62
526 _aSEG61
526 _aSEG60
526 _aSEG59
526 _aSEG58
526 _aSEG57
526 _aSEG56
526 _aSEG55
526 _aSEG54
526 _aSEG53
526 _aSEG52
526 _aSEG51
526 _aSEG50
526 _aSEG49
526 _aSEG48
526 _aSEG47
526 _aSEG46
526 _aSEG24
526 _aSEG23
526 _aSEG22
526 _aSEG21
526 _aSEG20
526 _aSEG19
526 _aSEG18
526 _aSEG17
526 _aSEG16
526 _aSEG14
526 _aSEG13
526 _aSEG12
526 _aSEG11
526 _aSEG10
526 _aSEG09
526 _aSEG06
526 _aSEG05
526 _aSEG04
526 _aSEG03
526 _aSEG02
526 _aSEG68
526 _aSEG66
526 _aSEG45
526 _aSEG25
526 _aSEG01
526 _aP163
526 _aP162
526 _aP161
526 _aP160
526 _aP159
526 _aP158
526 _aP157
526 _aP156
526 _aP155
526 _aP154
526 _aP153
526 _aP152
526 _aP151
526 _aP150
526 _aP149
526 _aP142
526 _aP141
526 _aP140
526 _aP139
526 _aP138
526 _aP137
526 _aP132
526 _aP131
526 _aP130
526 _aP126
526 _aP125
526 _aP124
526 _aP123
526 _aP115
526 _aP122
526 _aP121
526 _aP116
526 _a P114
526 _aP112
526 _aP111
526 _aP104
526 _aP103
526 _aP102
526 _aP101
526 _aP100
526 _aP96
526 _aP95
526 _aP93
526 _aP92
526 _aP91
526 _aP88
526 _aP83
526 _aP82
526 _aP79
526 _aP78
526 _aP75
526 _aP74
526 _aP71
526 _aP69
526 _a P51
526 _aP49
526 _aP48
526 _aP47
526 _aP33
526 _aP31
526 _a P30
526 _aP29
526 _aP27
526 _aP26
526 _aP25
526 _aP24
526 _a P22
526 _aP10
526 _aP09
526 _a P08
526 _aP06
526 _aP05
526 _aP04
526 _aP01
541 _g001-000400;
650 0 4 _aEnfermería
_xInvestigación.
700 1 _aLacey, Anne,
_eautor.
910 _agl
_bjv
_cng
_d20110524
942 _2ddc
_cBOOK
949 _a610.73072 G36
_wDEWEY
_c1
_i62965
_d2016-4-19
_e2016-4-13
_lCCODEBUL1
_mBUL
_n1
_p50.00
_r0
_sY
_tBOOK
_u2015-7-6
_xSALUD
_PP22
_0COMPRA
_o.STAFF. Colección Ciencias de la Salud
949 _a610.73072 G36
_wDEWEY
_c2
_i70307
_d2016-5-26
_e2016-5-24
_lCCODEBUL1
_mBUL
_n2
_p100.00
_r0
_sY
_tBOOK
_u2015-7-30
_xSALUD
_PP22
_0COMPRA
_1UNKNOWN
_o.STAFF. Colección Ciencias de la Salud
949 _a610.73072 G36
_wDEWEY
_c3
_i70308
_d2016-6-9
_e2016-6-7
_lCCODEBUL1
_mBUL
_n2
_p100.00
_r0
_sY
_tBOOK
_u2015-7-30
_xSALUD
_PP22
_0COMPRA
_o.STAFF. Colección Ciencias de la Salud
994 _aC0
_bPEPRU
596 _a1
999 _a610.73072 G36
_wDEWEY
_c51984
_i62965
_d51984
_e2016-4-13
_f2021-11-3
_g5
_lCCODEBUL1
_mBUL
_n1
_p50.00
_r0
_sY
_tBOOK
_u2015-7-6
_xSALUD
_zP22
_0COMPRA
_o.STAFF. Colección Ciencias de la Salud
999 _a610.73072 G36
_wDEWEY
_c2
_i70307
_d2018-5-16
_e2016-5-24
_f2021-11-3
_g5
_lCCODEBUL1
_mBUL
_n2
_p100.00
_q1
_r0
_sY
_tBOOK
_u2015-7-30
_xSALUD
_zP22
_0COMPRA
_1UNKNOWN
_o.STAFF. Colección Ciencias de la Salud
999 _a610.73072 G36
_wDEWEY
_c3
_i70308
_d2019-6-11
_e2016-6-7
_f2021-11-3
_g5
_lCCODEBUL1
_mBUL
_n2
_p100.00
_q1
_r0
_sY
_tBOOK
_u2015-7-30
_xSALUD
_zP22
_0COMPRA
_o.STAFF. Colección Ciencias de la Salud
980 _81
_gALBERTO SANCHEZ Responsable de Automatización